جغرافية الجوع / (Record no. 66706)
[ view plain ]
| 000 -الفاتح | |
|---|---|
| حقل البيانات ثابتة الطول | 00899nam a2200253Ia 4500 |
| 005 - وقت وتاريخ اخر تعامل مع التسجيلة | |
| رقم الضبط | 20240530110934.0 |
| 008 - عناصر البيانات ثابتة الطول - معلومات عامة | |
| حقل البيانات ثابتة الطول | 140319s xx 000 0 ara d |
| 040 ## - مصدر الفهرسة | |
| وكالة الفهرسة الأصلية | GCL / |
| وكالة النسخ | GCL |
| 082 04 - رقم تصنيف ديوى العشرى | |
| رقم التصنيف | 361.55 / |
| رقم المادة | ك ج |
| 100 1# - المدخل الرئيسى - إسم شخصى | |
| الإسم الشخصى | دى كاسترو ، جوزويه |
| 245 10 - بيان العنوان | |
| العنوان | جغرافية الجوع / |
| بيان المسئوليه,etc | تاليف دى كاسترو ، جوزويه ؛ مترجم زكى الرشيدى ، مراجع محمود مرسى |
| 250 ## - بيان الطبعة | |
| بيان الطبعة | الاولى |
| 260 ## - PUBLICATION, DISTRIBUTION, ETC. (IMPRINT) | |
| تاريخ النشر أو التوزيع | د . ت |
| 300 ## - الوصف المادى | |
| التعداد | 254 ص؛ |
| تفاصيل ماديه اخرى للوعاء | 24 سم |
| 490 ## - بيان السلسلة | |
| عنوان السلسلة | الالف كتاب |
| رقم المجلد/ التعيين التسلسلي | ( 366 ) |
| 650 04 - المدخل الاضافى بالموضوع-مصطلح موضوعى | |
| مصطلح موضوعي | الجوع |
| 650 04 - المدخل الاضافى بالموضوع-مصطلح موضوعى | |
| مصطلح موضوعي | اسيا |
| مصدر الرأس أو المصطلح | qrmak |
| 650 04 - المدخل الاضافى بالموضوع-مصطلح موضوعى | |
| مصطلح موضوعي | اوروبا |
| مصدر الرأس أو المصطلح | qrmak |
| 650 04 - المدخل الاضافى بالموضوع-مصطلح موضوعى | |
| مصطلح موضوعي | افريقيا |
| 700 ## - المدخل الاضافى - اسم شخصى | |
| الإسم الشخصى | زكى الرشيدى |
| الدور | مترجم |
| 700 ## - المدخل الاضافى - اسم شخصى | |
| الإسم الشخصى | محمود مرسى |
| الدور | مراجع |
| 942 ## - عناصر المدخل الإضافي( كوها) | |
| مصدر التصنيف او مخطط الترفيف | Dewey Decimal Classification |
| Koha [default] item type | كتاب |
| 260 ## - PUBLICATION, DISTRIBUTION, ETC. (IMPRINT) | |
| -- | القاهرة : |
| -- | مؤسسة دار الهلال، |
| حالة التراجع | حالة الفقد | حالة تلف | ليس للاعارة | المكان المؤقت | الموقع الحالى | موقع الترفيف | تاريخ الاكتساب | اجمالي اﻻعارات | رقم الطلب | الباركود | تاريخ اخر مشاهدة | تاريخ تفعيل السعر | نوع وعاء كوها |
|---|---|---|---|---|---|---|---|---|---|---|---|---|---|
| مكتبة القاهرة الكبرى | مكتبة القاهرة الكبرى | ق الرئيسية_العلوم الاجتماعية_ك عربى | 09/19/2022 | 361.55 / ك ج | 168514 | 09/19/2022 | 09/19/2022 | كتاب |

